[Event "Barcelona Tres Peons-G 45th"]
[Site "Barcelona"]
[Date "2016.05.06"]
[Round "4.2"]
[White "Joya Abadal, Eduard"]
[Black "Rivera Jimenez, Cesar"]
[Result "0-1"]
[WhiteElo "1695"]
[BlackElo "1712"]
[PlyCount "56"]
[EventDate "2016.04.15"]
[EventType "swiss"]
[EventRounds "9"]
[EventCountry "ESP"]
[SourceTitle "EXT 2024"]
[Source "ChessBase"]
[SourceDate "2023.10.10"]
[SourceVersion "1"]
[SourceVersionDate "2023.10.10"]
[SourceQuality "1"]

1. d4 Nf6 2. Bf4 g6 3. Nf3 d5 4. Nc3 Bg7 5. e3 c5 6. Nb5 Qa5+ 7. Qd2 Qxd2+ 8. Nxd2 Na6 9. c4 Bd7 10. Nc3 Nb4 11. 0-0-0 cxd4 12. exd4 Rc8 13. c5 0-0 14. a3 Nc6 15. Nf3 Ne4 16. Nxe4 dxe4 17. Ne5 Nxe5 18. Bxe5 f6 19. Bf4 e5 20. Be3 Ba4 21. Rd2 f5 22. f4 exd4 23. Bxd4 Bxd4 24. Rxd4 Rxc5+ 25. Bc4+ Kg7 26. b3 Bxb3 27. Kb2 Bxc4 28. Rd7+ Kg8 0-1